[Event "LTU-chT"]
[Site "Lithuania"]
[Date "2023.04.22"]
[Round "6.3"]
[White "Stremavicius, Titas"]
[Black "Zukauskas, Arnas Povilas"]
[Result "1-0"]
[WhiteElo "2544"]
[BlackElo "2076"]
[PlyCount "65"]
[EventDate "2023.03.04"]
[EventType "team"]
[EventRounds "7"]
[EventCountry "LTU"]
[SourceTitle "EXT 2024"]
[Source "ChessBase"]
[SourceDate "2023.10.10"]
[SourceVersion "1"]
[SourceVersionDate "2023.10.10"]
[SourceQuality "1"]
[WhiteTeam "Kaunas Security"]
[BlackTeam "Marijampole Suduvos Jaunimas"]
[WhiteTeamCountry "LTU"]
[BlackTeamCountry "LTU"]

1. Nf3 Nf6 2. g3 g6 3. b3 Bg7 4. Bb2 0-0 5. Bg2 c5 6. c4 Nc6 7. 0-0 Re8 8. d4 cxd4 9. Nxd4 Qc7 10. Nc3 Nxd4 11. Qxd4 d6 12. Nd5 Qb8 13. Rac1 Bd7 14. Rfd1 Bc6 15. Qd2 Nxd5 16. Bxg7 Kxg7 17. Bxd5 Bxd5 18. cxd5 Rc8 19. Rc3 Rxc3 20. Qxc3+ Kg8 21. Rc1 Qe8 22. Qc7 Rb8 23. a4 Kf8 24. Qa5 b5 25. Qxa7 bxa4 26. bxa4 Ra8 27. Qd4 f6 28. Rc4 Kf7 29. Qg4 Qd8 30. h4 h5 31. Qe6+ Kg7 32. Kg2 Kf8 33. f4 1-0

[Event "LTU-chT"]
[Site "Lithuania"]
[Date "2022.03.11"]
[Round "1.2"]
[White "Laurusas, Tomas"]
[Black "Zukauskas, Arnas Povilas"]
[Result "1-0"]
[WhiteElo "2557"]
[BlackElo "2080"]
[PlyCount "55"]
[EventDate "2022.03.11"]
[EventType "team-swiss"]
[EventRounds "7"]
[EventCountry "LTU"]
[SourceTitle "CBM 207 Extra"]
[Source "ChessBase"]
[SourceDate "2022.05.31"]
[SourceVersion "1"]
[SourceVersionDate "2022.05.31"]
[SourceQuality "1"]
[WhiteTeam "Vilnius MRU"]
[BlackTeam "Marijampole Suduvos Jaunimas"]
[WhiteTeamCountry "LTU"]
[BlackTeamCountry "LTU"]

1. d4 Nf6 2. c4 e6 3. Nc3 d5 4. cxd5 exd5 5. Bg5 Be7 6. e3 0-0 7. Bd3 Nbd7 8. Nf3 Re8 9. 0-0 c6 10. Qc2 h6 11. Bf4 Nf8 12. h3 Be6 13. Rab1 a6 14. b4 Rc8 15. Na4 b5 16. Nc5 Bxc5 17. dxc5 Bd7 18. a4 Ne4 19. Bh2 Ng6 20. Nd4 Qh4 21. Ra1 Bxh3 22. gxh3 Qxh3 23. f3 Nh4 24. Rae1 Ng5 25. Qf2 Re4 26. fxe4 dxe4 27. Be2 Rd8 28. Qg3 1-0

[Event "Riga Tech Rapid op"]
[Site "Riga"]
[Date "2021.08.08"]
[Round "4"]
[White "Zukauskas, Arnas Povilas"]
[Black "Bazilius, Augustinas"]
[Result "1/2-1/2"]
[WhiteElo "2080"]
[BlackElo "1734"]
[PlyCount "55"]
[EventDate "2021.08.08"]
[EventType "swiss (rapid)"]
[EventRounds "9"]
[EventCountry "LAT"]
[SourceTitle "CBM 203 Extra"]
[Source "ChessBase"]
[SourceDate "2021.09.30"]
[SourceVersion "1"]
[SourceVersionDate "2021.09.30"]
[SourceQuality "1"]

1. e4 c5 2. Nc3 a6 3. g3 b5 4. Bg2 Bb7 5. d3 e6 6. Nge2 d6 7. 0-0 Nd7 8. h3 Qc7 9. Be3 Ngf6 10. Qd2 Be7 11. a3 d5 12. exd5 Nxd5 13. Nxd5 Bxd5 14. Bxd5 exd5 15. d4 c4 16. Rae1 0-0 17. Bf4 Bd6 18. Bxd6 Qxd6 19. Qf4 Qg6 20. Nc3 Qc6 21. Re5 Nxe5 22. dxe5 Rfe8 23. Qd4 Qe6 24. Re1 Qxh3 25. Nxd5 Re6 26. Nf4 Qg4 27. Nxe6 Qh3 28. Nf4 1/2-1/2

[Event "Riga Tech Rapid op"]
[Site "Riga"]
[Date "2021.08.08"]
[Round "8"]
[White "Zukauskas, Arnas Povilas"]
[Black "Plotkin, Victor"]
[Result "1/2-1/2"]
[WhiteElo "2080"]
[BlackElo "2332"]
[PlyCount "156"]
[EventDate "2021.08.08"]
[EventType "swiss (rapid)"]
[EventRounds "9"]
[EventCountry "LAT"]
[SourceTitle "CBM 203 Extra"]
[Source "ChessBase"]
[SourceDate "2021.09.30"]
[SourceVersion "1"]
[SourceVersionDate "2021.09.30"]
[SourceQuality "1"]

1. e4 e5 2. Nf3 Nf6 3. Nc3 Nc6 4. d3 d5 5. exd5 Nxd5 6. Nxd5 Qxd5 7. Be2 Bc5 8. 0-0 0-0 9. Nd2 Nd4 10. Bf3 Nxf3+ 11. Qxf3 Qxf3 12. Nxf3 f6 13. Be3 Bd6 14. Nd2 Be6 15. Ne4 Be7 16. Bc5 Rae8 17. a4 a5 18. Rfb1 Bd5 19. b4 axb4 20. Rxb4 Bxc5 21. Nxc5 b6 22. Nb3 Ra8 23. f3 Ra7 24. c4 Bc6 25. c5 bxc5 26. Nxc5 Rfa8 27. Rc1 Bd5 28. d4 exd4 29. Rxd4 c6 30. Rb4 Kf7 31. Rb7+ Rxb7 32. Nxb7 Ra7 33. Nd8+ Kf8 34. Rc2 Ra6 35. a5 Ke7 36. Nb7 Ra7 37. Rb2 Bc4 38. Rb1 Bb5 39. Re1+ Kd7 40. Nc5+ Kd6 41. Ne4+ Kd5 42. Ra1 Kc4 43. Kf2 Kb4 44. Rb1+ Kxa5 45. Ke3 Kb6 46. Rb2 Ra3+ 47. Kf4 Kc7 48. Rd2 Rd3 49. Rc2 Rd8 50. Nc5 Kb6 51. Ne6 Rd7 52. Rc3 Re7 53. Kf5 Rd7 54. Nf4 Rd6 55. h4 g6+ 56. Ke4 Rd2 57. g4 c5 58. Nd5+ Kc6 59. Nxf6 h6 60. h5 gxh5 61. Nxh5 c4 62. Ng3 Kc5 63. Ke3 Rd8 64. Ne4+ Kb4 65. Rc1 Rd3+ 66. Kf4 c3 67. Nxc3 Rxc3 68. Rxc3 Kxc3 69. g5 h5 70. g6 Kd4 71. Kg5 Ke5 72. f4+ Ke6 73. f5+ Ke7 74. f6+ Kf8 75. Kxh5 Bd3 76. Kh6 Bxg6 77. Kxg6 Kg8 78. f7+ Kf8 1/2-1/2

[Event "LTU-chT"]
[Site "Lithuania"]
[Date "2019.04.27"]
[Round "6.4"]
[White "Juknis, Paulius"]
[Black "Zukauskas, Arnas Povilas"]
[Result "1/2-1/2"]
[WhiteElo "2219"]
[BlackElo "2108"]
[PlyCount "45"]
[EventDate "2019.01.26"]
[EventType "team-swiss"]
[EventRounds "7"]
[EventCountry "LTU"]
[SourceTitle "CBM 190 Extra"]
[Source "ChessBase"]
[SourceDate "2019.07.15"]
[SourceVersion "1"]
[SourceVersionDate "2019.07.15"]
[SourceQuality "1"]
[WhiteTeam "Kaunas Gambiteriai"]
[BlackTeam "Marijampole Suduvos Jaunimas"]
[WhiteTeamCountry "LTU"]
[BlackTeamCountry "LTU"]

1. e4 c5 2. Nf3 e6 3. d4 cxd4 4. Nxd4 Nf6 5. Nc3 d6 6. g4 a6 7. g5 Nfd7 8. Be3 Qc7 9. Qd2 b5 10. a3 Bb7 11. 0-0-0 Nc6 12. Kb1 Na5 13. Nb3 Nxb3 14. cxb3 Nc5 15. Bxc5 dxc5 16. f3 Be7 17. Be2 Rd8 18. Qe3 Rxd1+ 19. Nxd1 Bd6 20. h4 Bf4 21. Qc3 0-0 22. Ne3 Rd8 23. Rd1 1/2-1/2

[Event "LTU-chT rapid"]
[Site "Marijampole"]
[Date "2018.11.11"]
[Round "4.6"]
[White "Juksta, Karolis"]
[Black "Zukauskas, Arnas Povilas"]
[Result "0-1"]
[WhiteElo "2103"]
[BlackElo "2110"]
[PlyCount "56"]
[EventDate "2018.11.10"]
[EventType "team-swiss (rapid)"]
[EventRounds "7"]
[EventCountry "LTU"]
[SourceTitle "EXT 2020"]
[Source "ChessBase"]
[SourceDate "2019.10.17"]
[SourceVersion "1"]
[SourceVersionDate "2019.10.17"]
[SourceQuality "1"]

1. d4 Nf6 2. c4 g6 3. Nc3 Bg7 4. e4 d6 5. Be2 0-0 6. Bg5 c5 7. d5 a6 8. a4 Qa5 9. Qd2 Nbd7 10. Nf3 b5 11. cxb5 axb5 12. Bxb5 Nxe4 13. Nxe4 Qxb5 14. axb5 Rxa1+ 15. Ke2 Rxh1 16. Bh6 Bb7 17. Bxg7 Kxg7 18. Ng3 Ra1 19. Qg5 Re8 20. Nf5+ Kg8 21. Nh6+ Kf8 22. Ng4 Ra4 23. Qh6+ Kg8 24. h3 Bxd5 25. Ng5 Nf8 26. Qh4 Rb4 27. f4 Ra8 28. Ne3 Rxb2+ 0-1

[Event "LTU-chT"]
[Site "Lithuania"]
[Date "2018.04.14"]
[Round "6.3"]
[White "Tvarijonas, Tomas"]
[Black "Zukauskas, Arnas Povilas"]
[Result "1-0"]
[WhiteElo "2245"]
[BlackElo "2082"]
[PlyCount "117"]
[EventDate "2018.01.27"]
[EventType "team-swiss"]
[EventRounds "7"]
[EventCountry "LTU"]
[SourceTitle "EXT 2019"]
[Source "ChessBase"]
[SourceDate "2018.10.10"]
[SourceVersion "1"]
[SourceVersionDate "2018.10.10"]
[SourceQuality "1"]
[WhiteTeam "Kaunas Margiris"]
[BlackTeam "Marijampole Suduvos Jaunimas"]
[WhiteTeamCountry "LTU"]
[BlackTeamCountry "LTU"]

1. e4 c5 2. Nf3 e6 3. d4 cxd4 4. Nxd4 Nf6 5. Nc3 d6 6. Be3 a6 7. f3 b5 8. a3 Bb7 9. g4 h6 10. Qd2 Nbd7 11. 0-0-0 Rc8 12. h4 Nb6 13. Bd3 Nfd7 14. f4 Nc5 15. g5 hxg5 16. hxg5 Rxh1 17. Rxh1 Nba4 18. Nde2 d5 19. Bxc5 Nxc5 20. exd5 Bxd5 21. Rh8 g6 22. Qe3 Qd6 23. Kb1 Nxd3 24. Qxd3 Kd7 25. Rh7 Ke8 26. Qd4 Bc4 27. Qf6 Qe7 28. Qd4 Qd6 29. Ne4 Qxd4 30. Nxd4 Bc5 31. Rh8+ Kd7 32. Rxc8 Bxd4 33. Rf8 Ke7 34. Rb8 Bd5 35. Nc3 Bf3 36. a4 Ba7 37. Rc8 Kd7 38. Rh8 b4 39. Rh3 Bg2 40. Rg3 Bc6 41. Na2 a5 42. b3 Bb8 43. Rg4 e5 44. fxe5 Bxe5 45. Nc1 Ke6 46. Rc4 Bd5 47. Rc5 Bf4 48. Nd3 Bxg5 49. Rxa5 Bd2 50. Ra6+ Ke7 51. Rb6 g5 52. Nxb4 Be4 53. Rb5 f5 54. a5 g4 55. Nd5+ Ke6 56. a6 g3 57. a7 g2 58. a8Q g1Q+ 59. Ka2 1-0

[Event "LTU-chT"]
[Site "Lithuania"]
[Date "2018.03.24"]
[Round "4.2"]
[White "Zukauskas, Arnas Povilas"]
[Black "Bucinskas, Valdas"]
[Result "1/2-1/2"]
[WhiteElo "2082"]
[BlackElo "2328"]
[PlyCount "40"]
[EventDate "2018.01.27"]
[EventType "team-swiss"]
[EventRounds "7"]
[EventCountry "LTU"]
[SourceTitle "EXT 2019"]
[Source "ChessBase"]
[SourceDate "2018.10.10"]
[SourceVersion "1"]
[SourceVersionDate "2018.10.10"]
[SourceQuality "1"]
[WhiteTeam "Marijampole Suduvos Jaunimas"]
[BlackTeam "Vilnius Chess United"]
[WhiteTeamCountry "LTU"]
[BlackTeamCountry "LTU"]

1. e4 c5 2. Nf3 d6 3. d4 cxd4 4. Nxd4 Nf6 5. Nc3 a6 6. a4 e5 7. Nf3 Be6 8. Bg5 Nbd7 9. Be2 Be7 10. 0-0 0-0 11. h3 Rc8 12. Be3 h6 13. a5 Qc7 14. Ne1 Qc6 15. Bf3 Nc5 16. Nd5 Bxd5 17. exd5 Qc7 18. c4 Nh7 19. b4 Nd7 20. Be2 Bg5 1/2-1/2

[Event "LTU-chT"]
[Site "Lithuania"]
[Date "2018.03.24"]
[Round "3.3"]
[White "Zukauskas, Arnas Povilas"]
[Black "Pakalniskis, Romas"]
[Result "1-0"]
[WhiteElo "2082"]
[BlackElo "1735"]
[PlyCount "53"]
[EventDate "2018.01.27"]
[EventType "team-swiss"]
[EventRounds "7"]
[EventCountry "LTU"]
[SourceTitle "EXT 2019"]
[Source "ChessBase"]
[SourceDate "2018.10.10"]
[SourceVersion "1"]
[SourceVersionDate "2018.10.10"]
[SourceQuality "1"]
[WhiteTeam "Marijampole Suduvos Jaunimas"]
[BlackTeam "Vilnius LASF"]
[WhiteTeamCountry "LTU"]
[BlackTeamCountry "LTU"]

1. e4 c5 2. Nc3 Nc6 3. g3 g6 4. Bg2 Bg7 5. d3 e6 6. Be3 d6 7. Qd2 a6 8. Nge2 Nd4 9. 0-0 Bd7 10. Nd1 Rc8 11. Nc1 h5 12. c3 Nc6 13. h3 Nge7 14. Ne2 e5 15. f4 b6 16. b3 Be6 17. d4 cxd4 18. cxd4 exd4 19. Nxd4 d5 20. f5 gxf5 21. exf5 Bxf5 22. Nxf5 Bxa1 23. Nb2 d4 24. Ng7+ Kd7 25. Rxa1 Rg8 26. Nxh5 Nf5 27. Bf4 1-0

[Event "LTU-ch"]
[Site "Kaunas"]
[Date "2018.03.07"]
[Round "8"]
[White "Zukauskas, Arnas Povilas"]
[Black "Salna, Aleksandras"]
[Result "1-0"]
[WhiteElo "2096"]
[BlackElo "1925"]
[PlyCount "59"]
[EventDate "2018.03.02"]
[EventType "swiss"]
[EventRounds "9"]
[EventCountry "LTU"]
[SourceTitle "CBM 183 Extra"]
[Source "ChessBase"]
[SourceDate "2018.04.19"]
[SourceVersion "1"]
[SourceVersionDate "2018.04.19"]
[SourceQuality "1"]

1. e4 e6 2. d3 d5 3. Nd2 c5 4. g3 Nf6 5. Bg2 Nc6 6. Ngf3 b6 7. 0-0 Bb7 8. Re1 Qc7 9. e5 Nd7 10. Qe2 0-0-0 11. c3 h6 12. a3 g5 13. h3 Be7 14. b4 h5 15. b5 Na5 16. Rb1 Rde8 17. Nf1 f6 18. exf6 Bxf6 19. d4 g4 20. hxg4 hxg4 21. N3h2 cxd4 22. Nxg4 dxc3 23. Bf4 Qc5 24. Nxf6 Nxf6 25. Be5 Rh6 26. Bxc3 Nc4 27. Nd2 Rg6 28. Rbc1 Rxg3 29. Bxf6 Reg8 30. Qxe6+ 1-0

[Event "LTU-ch"]
[Site "Kaunas"]
[Date "2018.03.06"]
[Round "7"]
[White "Brazdzionis, Andrius"]
[Black "Zukauskas, Arnas Povilas"]
[Result "1-0"]
[WhiteElo "2293"]
[BlackElo "2096"]
[PlyCount "91"]
[EventDate "2018.03.02"]
[EventType "swiss"]
[EventRounds "9"]
[EventCountry "LTU"]
[SourceTitle "CBM 183 Extra"]
[Source "ChessBase"]
[SourceDate "2018.04.19"]
[SourceVersion "1"]
[SourceVersionDate "2018.04.19"]
[SourceQuality "1"]

1. Nf3 Nf6 2. c4 e6 3. g3 d5 4. Bg2 Be7 5. 0-0 0-0 6. d4 Nbd7 7. Qc2 c6 8. Nbd2 b6 9. e4 Bb7 10. e5 Ne8 11. cxd5 cxd5 12. Re1 Rc8 13. Qa4 a6 14. Nf1 b5 15. Qd1 Nb6 16. b3 Nc7 17. a3 a5 18. h4 a4 19. b4 Nc4 20. h5 f5 21. exf6 Bxf6 22. h6 g6 23. N1h2 Qd7 24. Ng4 Ne8 25. Ra2 Ned6 26. Nxf6+ Rxf6 27. Ne5 Qc7 28. Ng4 Rf5 29. Rxe6 Qf7 30. Ree2 Ne4 31. Qe1 Rf8 32. Bf4 g5 33. Be5 Qh5 34. Rxe4 dxe4 35. Bxe4 Qxg4 36. Bxb7 Nxe5 37. dxe5 Re8 38. Re2 Qd4 39. e6 Re7 40. Rd2 Qb6 41. Bd5 Qc7 42. Ba2 Kf8 43. Qd1 Re8 44. Rd7 Qb6 45. Qc2 Rf6 46. Rxh7 1-0

[Event "LTU-ch"]
[Site "Kaunas"]
[Date "2018.03.04"]
[Round "5"]
[White "Novikovas, Anatolijus"]
[Black "Zukauskas, Arnas Povilas"]
[Result "1/2-1/2"]
[WhiteElo "1840"]
[BlackElo "2096"]
[PlyCount "29"]
[EventDate "2018.03.02"]
[EventType "swiss"]
[EventRounds "9"]
[EventCountry "LTU"]
[SourceTitle "CBM 183 Extra"]
[Source "ChessBase"]
[SourceDate "2018.04.19"]
[SourceVersion "1"]
[SourceVersionDate "2018.04.19"]
[SourceQuality "1"]

1. Nf3 d5 2. d4 Nf6 3. c4 e6 4. Nc3 Be7 5. Bf4 0-0 6. e3 Nbd7 7. cxd5 exd5 8. Bd3 c6 9. h3 Re8 10. 0-0 Nf8 11. Ne5 N6d7 12. Rb1 Nxe5 13. Bxe5 Bd6 14. Bxd6 Qxd6 15. b4 1/2-1/2

[Event "EU-ch rapid"]
[Site "Katowice"]
[Date "2017.12.16"]
[Round "2"]
[White "Ragger, Markus"]
[Black "Zukauskas, Arnas Povilas"]
[Result "1-0"]
[WhiteElo "2657"]
[BlackElo "2082"]
[PlyCount "73"]
[EventDate "2017.12.16"]
[EventType "swiss (rapid)"]
[EventRounds "11"]
[EventCountry "POL"]
[SourceTitle "CBM 182 Extra"]
[Source "ChessBase"]
[SourceDate "2018.02.23"]
[SourceVersion "1"]
[SourceVersionDate "2018.02.23"]
[SourceQuality "1"]

1. e4 c5 2. Nf3 e6 3. g3 Nc6 4. Bg2 g6 5. d4 cxd4 6. Nxd4 Bg7 7. Nb5 Qa5+ 8. N1c3 Bxc3+ 9. Nxc3 a6 10. 0-0 Qc7 11. Be3 d6 12. Qd2 Ne5 13. b3 f6 14. Rfd1 Nf7 15. Na4 Bd7 16. Nb6 Rd8 17. Nc4 Rc8 18. Bb6 Qc6 19. Nxd6+ Nxd6 20. Qxd6 Qxd6 21. Rxd6 Rc6 22. Rad1 Rxd6 23. Rxd6 Ne7 24. e5 Nc8 25. Bxb7 Nxd6 26. exd6 Kf7 27. Bc7 h5 28. c4 h4 29. c5 h3 30. c6 Ke8 31. cxd7+ Kxd7 32. Bxa6 Rh5 33. a4 Rd5 34. Kf1 Rd1+ 35. Ke2 Rb1 36. Bb5+ Kc8 37. Ba5 1-0

[Event "Panevezys op-A"]
[Site "Panevezys"]
[Date "2017.07.04"]
[Round "2"]
[White "Polyakov, Fedor"]
[Black "Zukauskas, Arnas Povilas"]
[Result "1/2-1/2"]
[WhiteElo "2120"]
[BlackElo "2091"]
[PlyCount "76"]
[EventDate "2017.07.03"]
[EventType "swiss"]
[EventRounds "9"]
[EventCountry "LTU"]
[SourceTitle "CBM 179 Extra"]
[Source "ChessBase"]
[SourceDate "2017.08.23"]
[SourceVersion "1"]
[SourceVersionDate "2017.08.23"]
[SourceQuality "1"]

1. d4 d5 2. c4 e6 3. Nc3 Be7 4. Nf3 Nf6 5. cxd5 exd5 6. Bg5 0-0 7. e3 c6 8. Bd3 Re8 9. Qc2 Nbd7 10. 0-0 Nf8 11. Ne5 N6d7 12. Bxe7 Qxe7 13. Nxd7 Bxd7 14. b4 Rad8 15. b5 Bc8 16. bxc6 bxc6 17. Ne2 Rd6 18. Ng3 g6 19. Rfc1 h5 20. Qa4 h4 21. Ne2 Qg5 22. Nf4 Ne6 23. Nh3 Qe7 24. Kh1 Ng5 25. Nxg5 Qxg5 26. Bf1 h3 27. gxh3 Rf6 28. f4 Qh4 29. Qb3 Bxh3 30. Rc3 Bf5 31. Bg2 Be4 32. Bxe4 Rxe4 33. Qc2 Kg7 34. Rg1 Qh5 35. Rg3 Rfe6 36. Qf2 Qd1+ 37. Rg1 Qh5 38. Rg3 Qd1+ 1/2-1/2

[Event "LTU-ch U18"]
[Site "Kaunas"]
[Date "2017.04.05"]
[Round "1"]
[White "Zukauskas, Arnas Povilas"]
[Black "Salna, Aleksandras"]
[Result "0-1"]
[WhiteElo "2104"]
[BlackElo "2002"]
[PlyCount "108"]
[EventDate "2017.04.05"]
[EventType "tourn"]
[EventRounds "9"]
[EventCountry "LTU"]
[SourceTitle "CBM 177 Extra"]
[Source "ChessBase"]
[SourceDate "2017.04.27"]
[SourceVersion "1"]
[SourceVersionDate "2017.04.27"]
[SourceQuality "1"]

1. e4 e6 2. d3 d5 3. Nd2 c5 4. Ngf3 Nc6 5. g3 Nge7 6. Bg2 g6 7. 0-0 Bg7 8. Re1 0-0 9. c3 b5 10. Nb3 Qb6 11. exd5 Nxd5 12. d4 cxd4 13. Nfxd4 Nxd4 14. cxd4 Bb7 15. Nc5 Rad8 16. Bg5 Rd6 17. Qd2 Ba8 18. Ne4 Rc6 19. Nc5 Rc7 20. b4 Ne7 21. Red1 Bxg2 22. Kxg2 Rd8 23. Bxe7 Rxe7 24. d5 a5 25. a3 axb4 26. axb4 Ra7 27. Qg5 h6 28. Qg4 exd5 29. Rd3 Bf8 30. Qd4 Rc7 31. Rc1 Rdc8 32. Qxd5 Bxc5 33. bxc5 Rxc5 34. Rxc5 Qxc5 35. Qxc5 Rxc5 36. Rd8+ Kg7 37. Rb8 Kf6 38. f4 h5 39. Kh3 Kf5 40. Rb7 Ke6 41. Rb6+ Kd5 42. Rb7 Kc4 43. Rxf7 b4 44. Rb7 b3 45. Kh4 Rb5 46. Rc7+ Kd5 47. Rc1 b2 48. Rb1 Ke4 49. h3 Kf5 50. g4+ Kxf4 51. Rf1+ Ke3 52. gxh5 Rxh5+ 53. Kg4 Rb5 54. Rb1 Kd2 0-1

[Event "LTU-ch"]
[Site "Vilnius"]
[Date "2017.03.03"]
[Round "9"]
[White "Indriunas, Matas"]
[Black "Zukauskas, Arnas Povilas"]
[Result "1/2-1/2"]
[WhiteElo "1652"]
[BlackElo "2142"]
[PlyCount "48"]
[EventDate "2017.02.25"]
[EventType "swiss"]
[EventRounds "9"]
[EventCountry "LTU"]
[SourceTitle "CBM 177 Extra"]
[Source "ChessBase"]
[SourceDate "2017.04.27"]
[SourceVersion "1"]
[SourceVersionDate "2017.04.27"]
[SourceQuality "1"]

1. e4 e5 2. Nf3 Nf6 3. Nxe5 d5 4. exd5 Qxd5 5. d4 Nc6 6. Nxc6 bxc6 7. c4 Qd6 8. Be2 Be7 9. Nc3 0-0 10. 0-0 Rb8 11. b3 Rd8 12. Be3 Bf5 13. Bf3 h6 14. Qe2 g5 15. h3 Qd7 16. g4 Bg6 17. Rad1 Nh7 18. d5 c5 19. Ne4 Re8 20. Qd2 Bd6 21. Nxc5 Qe7 22. Qd4 Be5 23. Qd2 Bd6 24. Qd4 Be5 1/2-1/2

[Event "LTU-ch"]
[Site "Vilnius"]
[Date "2017.02.28"]
[Round "5"]
[White "Malisauskas, Vidmantas"]
[Black "Zukauskas, Arnas Povilas"]
[Result "1-0"]
[WhiteElo "2415"]
[BlackElo "2142"]
[PlyCount "43"]
[EventDate "2017.02.25"]
[EventType "swiss"]
[EventRounds "9"]
[EventCountry "LTU"]
[SourceTitle "CBM 177 Extra"]
[Source "ChessBase"]
[SourceDate "2017.04.27"]
[SourceVersion "1"]
[SourceVersionDate "2017.04.27"]
[SourceQuality "1"]

1. Nf3 Nf6 2. g3 g6 3. Bg2 Bg7 4. c4 c6 5. 0-0 0-0 6. d4 d6 7. Nc3 Qc7 8. h3 e5 9. e4 h6 10. Be3 Nbd7 11. Qd2 Kh7 12. Nh2 Re8 13. f4 Nf8 14. fxe5 dxe5 15. d5 Ng8 16. g4 f6 17. Rfd1 Qf7 18. Nf1 Bd7 19. Ng3 h5 20. gxh5 gxh5 21. Nf5 Bxf5 22. exf5 1-0

[Event "Kaunas Butnorius 70 op"]
[Site "Kaunas"]
[Date "2016.08.04"]
[Round "6"]
[White "Player, Edmund C"]
[Black "Zukauskas, Arnas Povilas"]
[Result "1/2-1/2"]
[WhiteElo "2236"]
[BlackElo "2086"]
[PlyCount "85"]
[EventDate "2016.08.01"]
[EventType "swiss"]
[EventRounds "9"]
[EventCountry "LTU"]
[SourceTitle "CBM 173 Extra"]
[Source "ChessBase"]
[SourceDate "2016.08.29"]
[SourceVersion "1"]
[SourceVersionDate "2016.08.29"]
[SourceQuality "1"]

1. e4 c5 2. Nf3 e6 3. d3 Nc6 4. g3 d6 5. Bg2 g6 6. 0-0 Bg7 7. c3 Nf6 8. Qe2 0-0 9. Rd1 d5 10. e5 Ne8 11. d4 cxd4 12. cxd4 f6 13. exf6 Bxf6 14. Nc3 Nd6 15. Be3 Nf5 16. Rd2 Qe7 17. Rad1 Bd7 18. h4 Na5 19. Bg5 Nc4 20. Rd3 b5 21. g4 Nxh4 22. Nxd5 exd5 23. Qxe7 Nxf3+ 24. Bxf3 Bxe7 25. Bxd5+ Kg7 26. Bxe7 Nxb2 27. Bxf8+ Rxf8 28. Re1 Nxd3 29. Re7+ Kh6 30. Rxd7 Nxf2 31. Be6 Nh3+ 32. Kh2 Ng5 33. Bb3 a5 34. Kg3 Ne4+ 35. Kg2 a4 36. Be6 Ng5 37. d5 Nxe6 38. dxe6 Re8 39. Rd6 b4 40. Rb6 b3 41. axb3 axb3 42. Kg3 b2 43. Rxb2 1/2-1/2

[Event "Kaunas Butnorius 70 op"]
[Site "Kaunas"]
[Date "2016.08.03"]
[Round "4"]
[White "Lazaravicius, Aras Jonas"]
[Black "Zukauskas, Arnas Povilas"]
[Result "1/2-1/2"]
[WhiteElo "1858"]
[BlackElo "2086"]
[PlyCount "45"]
[EventDate "2016.08.01"]
[EventType "swiss"]
[EventRounds "9"]
[EventCountry "LTU"]
[SourceTitle "CBM 173 Extra"]
[Source "ChessBase"]
[SourceDate "2016.08.29"]
[SourceVersion "1"]
[SourceVersionDate "2016.08.29"]
[SourceQuality "1"]

1. d4 d6 2. Nf3 Nf6 3. c4 Bg4 4. Nc3 Nbd7 5. h3 Bxf3 6. exf3 e5 7. Be2 Be7 8. 0-0 0-0 9. dxe5 dxe5 10. Qc2 c6 11. Be3 Qc7 12. Rad1 Nc5 13. Bxc5 Bxc5 14. Bd3 Rad8 15. Rfe1 Bd4 16. Rd2 g6 17. Red1 Rd7 18. Bf1 Rfd8 19. Ne2 Bc5 20. Nc3 Bd4 21. Ne2 Bc5 22. Nc3 Kg7 23. Rd3 1/2-1/2

[Event "Kaunas Butnorius 70 op"]
[Site "Kaunas"]
[Date "2016.08.03"]
[Round "5"]
[White "Zukauskas, Arnas Povilas"]
[Black "Erikstad, Olav Age"]
[Result "1-0"]
[WhiteElo "2086"]
[BlackElo "1814"]
[PlyCount "89"]
[EventDate "2016.08.01"]
[EventType "swiss"]
[EventRounds "9"]
[EventCountry "LTU"]
[SourceTitle "CBM 173 Extra"]
[Source "ChessBase"]
[SourceDate "2016.08.29"]
[SourceVersion "1"]
[SourceVersionDate "2016.08.29"]
[SourceQuality "1"]

1. Nf3 c6 2. g3 d5 3. Bg2 Nf6 4. 0-0 Bf5 5. d3 Nbd7 6. Nbd2 e5 7. c4 dxc4 8. Nxc4 e4 9. dxe4 Bxe4 10. Bf4 Nb6 11. Qxd8+ Rxd8 12. Nxb6 axb6 13. Bc7 Bxf3 14. Bxf3 Rd2 15. Rfd1 Rxd1+ 16. Rxd1 Nd7 17. Bg4 Nf6 18. Bc8 Nd5 19. Bxb7 Nxc7 20. Bxc6+ Ke7 21. Rd7+ Ke6 22. Rxc7 Bc5 23. Bb5 Rf8 24. a3 Kd6 25. Rd7+ Ke6 26. b4 Bd6 27. Rb7 Ra8 28. Bc4+ Ke5 29. Rxb6 Rxa3 30. f4+ Kd4 31. Rxd6+ Kxc4 32. Rd7 Ra1+ 33. Kg2 Re1 34. Kf3 Rf1+ 35. Ke3 Rh1 36. h4 h6 37. Rxf7 g5 38. fxg5 hxg5 39. hxg5 Rh5 40. g6 Rh8 41. g7 Rg8 42. Ke4 Kxb4 43. Ke5 Kc5 44. Kf6 Kd6 45. Rf8 1-0

[Event "Panevezys op-A"]
[Site "Panevezys"]
[Date "2016.06.11"]
[Round "8"]
[White "Zukauskas, Arnas Povilas"]
[Black "Juksta, Karolis"]
[Result "1-0"]
[WhiteElo "2012"]
[BlackElo "1930"]
[PlyCount "105"]
[EventDate "2016.06.06"]
[EventType "swiss"]
[EventRounds "9"]
[EventCountry "LTU"]
[SourceTitle "CBM 172 Extra"]
[Source "ChessBase"]
[SourceDate "2016.06.21"]
[SourceVersion "1"]
[SourceVersionDate "2016.06.21"]
[SourceQuality "1"]

1. Nf3 d5 2. c4 d4 3. d3 Nc6 4. g3 e5 5. Bg2 Nf6 6. 0-0 Be7 7. a3 a5 8. b3 0-0 9. Nbd2 h6 10. Ne1 Be6 11. Ndf3 Bc5 12. Nc2 Qd6 13. Rb1 Rad8 14. b4 axb4 15. axb4 Nxb4 16. Nxb4 Bxb4 17. Nxe5 c5 18. Bf4 Qe7 19. Bd2 Bd5 20. cxd5 Qxe5 21. Bxb4 cxb4 22. Rxb4 Nxd5 23. Bxd5 Qxd5 24. Qb3 Rfe8 25. Qxd5 Rxd5 26. Re1 b5 27. Kf1 h5 28. Reb1 Rb8 29. h4 Kf8 30. Ke1 Ke7 31. Kd2 g6 32. e4 dxe3+ 33. fxe3 Rf5 34. Ke2 Kd6 35. d4 Kc6 36. e4 Rf6 37. Ke3 Rd6 38. R4b2 Rb7 39. d5+ Kc5 40. Rc1+ Kb6 41. Kd4 Ra7 42. Ke5 Rad7 43. Rcb1 f6+ 44. Kd4 Ra7 45. Rxb5+ Kc7 46. e5 fxe5+ 47. Kxe5 Rd8 48. d6+ Kc6 49. Rb6+ Kc5 50. Rb8 Rxb8 51. Rxb8 Kc6 52. Rc8+ Kd7 53. Rc7+ 1-0